<?xml version="1.0" encoding="UTF-8"?>
<record
    xmlns:xsi="http://www.w3.org/2001/XMLSchema-instance"
    xsi:schemaLocation="http://www.loc.gov/MARC21/slim http://www.loc.gov/standards/marcxml/schema/MARC21slim.xsd"
    xmlns="http://www.loc.gov/MARC21/slim">

  <leader>04437namaa22004331i 4500</leader>
  <controlfield tag="003">EG-GICUC</controlfield>
  <controlfield tag="005">20260111133256.0</controlfield>
  <controlfield tag="008">251227s2025    ua a|||frm||| 000 0 eng d</controlfield>
  <datafield tag="040" ind1=" " ind2=" ">
    <subfield code="a">EG-GICUC</subfield>
    <subfield code="b">eng</subfield>
    <subfield code="c">EG-GICUC</subfield>
    <subfield code="d">EG-GICUC</subfield>
    <subfield code="e">rda</subfield>
  </datafield>
  <datafield tag="041" ind1="0" ind2=" ">
    <subfield code="a">fre</subfield>
    <subfield code="b">eng</subfield>
    <subfield code="b">ara</subfield>
  </datafield>
  <datafield tag="049" ind1=" " ind2=" ">
    <subfield code="a">Deposit</subfield>
  </datafield>
  <datafield tag="082" ind1="0" ind2="4">
    <subfield code="a">448.2421</subfield>
  </datafield>
  <datafield tag="092" ind1=" " ind2=" ">
    <subfield code="a">448.2421</subfield>
    <subfield code="2">21</subfield>
  </datafield>
  <datafield tag="097" ind1=" " ind2=" ">
    <subfield code="a">Ph.D</subfield>
  </datafield>
  <datafield tag="099" ind1=" " ind2=" ">
    <subfield code="a">Cai01.02.13.Ph.D.2025.Yo.L</subfield>
  </datafield>
  <datafield tag="100" ind1="0" ind2=" ">
    <subfield code="a">Youstina Maher Farag,</subfield>
    <subfield code="e">preparation.</subfield>
  </datafield>
  <datafield tag="245" ind1="1" ind2="0">
    <subfield code="a">L'exposition de soi sur un exemple de r&#xE9;seaux sociaux : Le Facebook :</subfield>
    <subfield code="b">&#xC9;tude s&#xE9;miolinguistique /</subfield>
    <subfield code="c">by Youstina Maher Farag ; Supervisors Prof. Dr. H&#xE9;ba Machhour, Prof. Dr. Claire Martinot. </subfield>
  </datafield>
  <datafield tag="246" ind1="1" ind2="5">
    <subfield code="a">&#x639;&#x631;&#x636; &#x627;&#x644;&#x630;&#x627;&#x62A; &#x641;&#x64A; &#x646;&#x645;&#x648;&#x630;&#x62C; &#x645;&#x646; &#x634;&#x628;&#x643;&#x627;&#x62A; &#x627;&#x644;&#x62A;&#x648;&#x627;&#x635;&#x644; &#x627;&#x644;&#x627;&#x62C;&#x62A;&#x645;&#x627;&#x639;&#x64A;: &#x627;&#x644;&#x641;&#x64A;&#x633;&#x628;&#x648;&#x643; </subfield>
    <subfield code="b">&#x62F;&#x631;&#x627;&#x633;&#x629; &#x633;&#x64A;&#x645;&#x64A;&#x648;&#x637;&#x64A;&#x642;&#x64A;&#x629; &#x644;&#x63A;&#x648;&#x64A;&#x629; /</subfield>
  </datafield>
  <datafield tag="264" ind1=" " ind2="0">
    <subfield code="c">2025.</subfield>
  </datafield>
  <datafield tag="300" ind1=" " ind2=" ">
    <subfield code="a">168 pages :</subfield>
    <subfield code="b">illustrations ; </subfield>
    <subfield code="c">25 cm. + </subfield>
    <subfield code="e">CD.</subfield>
  </datafield>
  <datafield tag="336" ind1=" " ind2=" ">
    <subfield code="a">text</subfield>
    <subfield code="2">rda content</subfield>
  </datafield>
  <datafield tag="337" ind1=" " ind2=" ">
    <subfield code="a">Unmediated</subfield>
    <subfield code="2">rdamedia</subfield>
  </datafield>
  <datafield tag="338" ind1=" " ind2=" ">
    <subfield code="a">volume</subfield>
    <subfield code="2">rdacarrier</subfield>
  </datafield>
  <datafield tag="502" ind1=" " ind2=" ">
    <subfield code="a">Thesis (Ph.D)-Cairo University, 2025.</subfield>
  </datafield>
  <datafield tag="504" ind1=" " ind2=" ">
    <subfield code="a">Bibliography: pages 165-167. </subfield>
  </datafield>
  <datafield tag="520" ind1=" " ind2="3">
    <subfield code="a">Cette th&#xE8;se explore la question de l&#x2019;exposition de soi sur Facebook &#xE0; travers une analyse s&#xE9;miolinguistique de cinq profils f&#xE9;minins, &#xE9;gyptiens et francophones, s&#xE9;lectionn&#xE9;s pour leur activit&#xE9;, leur diversit&#xE9; et leur richesse expressive. L&#x2019;objectif principal de cette &#xE9;tude est d&#x2019;analyser les diff&#xE9;rentes strat&#xE9;gies de mise en sc&#xE8;ne de soi &#xE0; travers les pages profils, afin d&#x2019;identifier les invariants et les variantes dans la construction de l&#x2019;identit&#xE9; num&#xE9;rique. 
Le travail s&#x2019;inscrit dans une approche interdisciplinaire, mobilisant des concepts issus de la linguistique, de la s&#xE9;miotique, de la sociologie et des sciences de la communication. 
Enfin, cette recherche ouvre une r&#xE9;flexion plus large sur le r&#xF4;le des r&#xE9;seaux sociaux dans la reconfiguration des formes de communication, dans la transformation des pratiques langagi&#xE8;res et dans l&#x2019;&#xE9;mergence d&#x2019;une nouvelle culture de la visibilit&#xE9;. Facebook appara&#xEE;t ainsi &#xE0; la fois comme un espace de communication, de mise en sc&#xE8;ne, de propagande et de socialisation, contribuant &#xE0; fa&#xE7;onner une identit&#xE9; &#xE0; la fois individuelle et collective dans un monde num&#xE9;rique en constante mutation.</subfield>
  </datafield>
  <datafield tag="520" ind1=" " ind2="3">
    <subfield code="a">&#x62A;&#x62A;&#x646;&#x627;&#x648;&#x644; &#x647;&#x630;&#x647; &#x627;&#x644;&#x62F;&#x631;&#x627;&#x633;&#x629; &#x645;&#x633;&#x623;&#x644;&#x629; &#x639;&#x631;&#x636; &#x644;&#x644;&#x630;&#x627;&#x62A; &#x639;&#x644;&#x649; &#x627;&#x644;&#x641;&#x64A;&#x633;&#x628;&#x648;&#x643; &#x645;&#x646; &#x62E;&#x644;&#x627;&#x644; &#x62A;&#x62D;&#x644;&#x64A;&#x644; &#x644;&#x63A;&#x648;&#x64A; &#x633;&#x64A;&#x645;&#x64A;&#x648;&#x637;&#x64A;&#x642;&#x64A; &#x644;&#x62E;&#x645;&#x633;&#x629; &#x62D;&#x633;&#x627;&#x628;&#x627;&#x62A; &#x634;&#x62E;&#x635;&#x64A;&#x629; &#x646;&#x633;&#x627;&#x626;&#x64A;&#x629;&#x60C; &#x645;&#x635;&#x631;&#x64A;&#x629; &#x628;&#x62B;&#x642;&#x627;&#x641;&#x629; &#x641;&#x631;&#x646;&#x633;&#x64A;&#x629;&#x60C; &#x62A;&#x645; &#x627;&#x62E;&#x62A;&#x64A;&#x627;&#x631;&#x647;&#x627; &#x644;&#x63A;&#x62A;&#x627;&#x647;&#x627; &#x628;&#x627;&#x644;&#x623;&#x646;&#x634;&#x637;&#x629; &#x648;&#x62A;&#x646;&#x648;&#x639;&#x647;&#x627; &#x648;&#x62B;&#x631;&#x627;&#x626;&#x647;&#x627; &#x627;&#x644;&#x62A;&#x639;&#x628;&#x64A;&#x631;&#x64A;. &#x627;&#x644;&#x647;&#x62F;&#x641; &#x627;&#x644;&#x631;&#x626;&#x64A;&#x633;&#x64A; &#x645;&#x646; &#x647;&#x630;&#x647; &#x627;&#x644;&#x62F;&#x631;&#x627;&#x633;&#x629; &#x647;&#x648; &#x62A;&#x62D;&#x644;&#x64A;&#x644; &#x627;&#x644;&#x627;&#x633;&#x62A;&#x631;&#x627;&#x62A;&#x64A;&#x62C;&#x64A;&#x627;&#x62A; &#x627;&#x644;&#x645;&#x62E;&#x62A;&#x644;&#x641;&#x629; &#x644;&#x62A;&#x642;&#x62F;&#x64A;&#x645; &#x627;&#x644;&#x630;&#x627;&#x62A; &#x645;&#x646; &#x62E;&#x644;&#x627;&#x644; &#x627;&#x644;&#x635;&#x641;&#x62D;&#x627;&#x62A; &#x627;&#x644;&#x634;&#x62E;&#x635;&#x64A;&#x629; &#x627;&#x644;&#x645;&#x62E;&#x62A;&#x627;&#x631;&#x629;&#x60C; &#x648;&#x630;&#x644;&#x643; &#x628;&#x647;&#x641; &#x62A;&#x62D;&#x644;&#x64A;&#x644; &#x627;&#x644;&#x62B;&#x648;&#x627;&#x628;&#x62A; &#x648;&#x627;&#x644;&#x645;&#x62A;&#x63A;&#x64A;&#x631;&#x627;&#x62A; &#x641;&#x64A; &#x628;&#x646;&#x627;&#x621; &#x627;&#x644;&#x647;&#x648;&#x64A;&#x629; &#x627;&#x644;&#x631;&#x642;&#x645;&#x64A;&#x629;. 
&#x648;&#x64A;&#x639;&#x62F; &#x647;&#x630;&#x627; &#x627;&#x644;&#x639;&#x645;&#x644; &#x62C;&#x632;&#x621;&#x64B;&#x627; &#x645;&#x646; &#x646;&#x647;&#x62C; &#x645;&#x62A;&#x639;&#x62F;&#x62F; &#x627;&#x644;&#x62A;&#x62E;&#x635;&#x635;&#x627;&#x62A;&#x60C; &#x64A;&#x62C;&#x645;&#x639; &#x627;&#x644;&#x645;&#x641;&#x627;&#x647;&#x64A;&#x645; &#x627;&#x644;&#x645;&#x62E;&#x62A;&#x644;&#x641;&#x629; &#x643;&#x639;&#x644;&#x645; &#x627;&#x644;&#x644;&#x63A;&#x648;&#x64A;&#x627;&#x62A; &#x648;&#x639;&#x644;&#x645; &#x627;&#x644;&#x633;&#x64A;&#x645;&#x64A;&#x648;&#x637;&#x64A;&#x642;&#x627; &#x648;&#x639;&#x644;&#x645; &#x627;&#x644;&#x627;&#x62C;&#x62A;&#x645;&#x627;&#x639; &#x648;&#x639;&#x644;&#x648;&#x645; &#x627;&#x644;&#x62A;&#x648;&#x627;&#x635;&#x644;. 
&#x648;&#x623;&#x62E;&#x64A;&#x631;&#x64B;&#x627;&#x60C; &#x64A;&#x641;&#x62A;&#x62D; &#x647;&#x630;&#x627; &#x627;&#x644;&#x628;&#x62D;&#x62B; &#x645;&#x62C;&#x627;&#x644;&#x64B;&#x627; &#x623;&#x648;&#x633;&#x639; &#x644;&#x644;&#x62A;&#x633;&#x627;&#x624;&#x644; &#x62D;&#x648;&#x644; &#x62F;&#x648;&#x631; &#x645;&#x648;&#x627;&#x642;&#x639; &#x627;&#x644;&#x62A;&#x648;&#x627;&#x635;&#x644; &#x627;&#x644;&#x627;&#x62C;&#x62A;&#x645;&#x627;&#x639;&#x64A;&#x629; &#x641;&#x64A; &#x62A;&#x63A;&#x64A;&#x64A;&#x631;&#x623;&#x634;&#x643;&#x627;&#x644; &#x627;&#x644;&#x627;&#x62A;&#x635;&#x627;&#x644;&#x60C; &#x648;&#x641;&#x64A; &#x62A;&#x63A;&#x64A;&#x64A;&#x631; &#x627;&#x644;&#x645;&#x645;&#x627;&#x631;&#x633;&#x627;&#x62A; &#x627;&#x644;&#x644;&#x63A;&#x648;&#x64A;&#x629; &#x648;&#x641;&#x64A; &#x638;&#x647;&#x648;&#x631; &#x62B;&#x642;&#x627;&#x641;&#x629; &#x62C;&#x62F;&#x64A;&#x62F;&#x629; &#x641;&#x627;&#x626;&#x645;&#x629; &#x639;&#x644;&#x649; &#x627;&#x644;&#x645;&#x631;&#x626;&#x64A;&#x627;&#x62A;. &#x641;&#x623;&#x635;&#x628;&#x62D; &#x628;&#x630;&#x644;&#x643; &#x627;&#x644;&#x641;&#x64A;&#x633;&#x628;&#x648;&#x643; &#x645;&#x633;&#x627;&#x62D;&#x629; &#x644;&#x644;&#x62A;&#x648;&#x627;&#x635;&#x644; &#x627;&#x644;&#x627;&#x62C;&#x62A;&#x645;&#x627;&#x639;&#x64A; &#x648;&#x627;&#x644;&#x627;&#x633;&#x62A;&#x639;&#x631;&#x627;&#x636; &#x648;&#x627;&#x644;&#x62F;&#x639;&#x627;&#x64A;&#x629;&#x60C; &#x645;&#x645;&#x627; &#x64A;&#x633;&#x627;&#x647;&#x645; &#x641;&#x64A; &#x62A;&#x634;&#x643;&#x64A;&#x644; &#x647;&#x648;&#x64A;&#x629; &#x641;&#x631;&#x62F;&#x64A;&#x629; &#x648;&#x62C;&#x645;&#x627;&#x639;&#x64A;&#x629; &#x641;&#x64A; &#x639;&#x627;&#x644;&#x645; &#x631;&#x642;&#x645;&#x64A; &#x645;&#x62A;&#x63A;&#x64A;&#x631; &#x628;&#x634;&#x643;&#x644; &#x645;&#x633;&#x62A;&#x645;&#x631;.</subfield>
  </datafield>
  <datafield tag="530" ind1=" " ind2=" ">
    <subfield code="a">Issues also as CD.</subfield>
  </datafield>
  <datafield tag="546" ind1=" " ind2=" ">
    <subfield code="a">Text in English and abstract in Arabic &amp; English.</subfield>
  </datafield>
  <datafield tag="650" ind1=" " ind2="0">
    <subfield code="a">French language</subfield>
  </datafield>
  <datafield tag="650" ind1=" " ind2="0">
    <subfield code="a">&#x627;&#x644;&#x644;&#x63A;&#x629; &#x627;&#x644;&#x641;&#x631;&#x646;&#x633;&#x64A;&#x629;</subfield>
  </datafield>
  <datafield tag="653" ind1=" " ind2="1">
    <subfield code="a">Identit&#xE9; num&#xE9;rique </subfield>
    <subfield code="a">Exposition de soi </subfield>
    <subfield code="a">R&#xE9;seaux sociaux  </subfield>
    <subfield code="a">S&#xE9;miotique</subfield>
    <subfield code="a">Facebook</subfield>
    <subfield code="a">&#x627;&#x644;&#x647;&#x648;&#x64A;&#x629; &#x627;&#x644;&#x631;&#x642;&#x645;&#x64A;&#x629; </subfield>
    <subfield code="a">&#x639;&#x631;&#x636; &#x627;&#x644;&#x630;&#x627;&#x62A;</subfield>
  </datafield>
  <datafield tag="700" ind1="0" ind2=" ">
    <subfield code="a">H&#xE9;ba Machhour</subfield>
    <subfield code="e">thesis advisor.</subfield>
  </datafield>
  <datafield tag="700" ind1="0" ind2=" ">
    <subfield code="a">Claire Martinot</subfield>
    <subfield code="e">thesis advisor.</subfield>
  </datafield>
  <datafield tag="900" ind1=" " ind2=" ">
    <subfield code="b">01-01-2025</subfield>
    <subfield code="c">H&#xE9;ba Machhour</subfield>
    <subfield code="c">Claire Martinot</subfield>
    <subfield code="U">Cairo University</subfield>
    <subfield code="F">Faculty of Arts</subfield>
    <subfield code="D">Department of French language and literature</subfield>
  </datafield>
  <datafield tag="905" ind1=" " ind2=" ">
    <subfield code="a">Shimaa</subfield>
    <subfield code="e">Eman Ghareb</subfield>
  </datafield>
  <datafield tag="942" ind1=" " ind2=" ">
    <subfield code="2">ddc</subfield>
    <subfield code="c">TH</subfield>
    <subfield code="e">21</subfield>
    <subfield code="n">0</subfield>
  </datafield>
  <datafield tag="999" ind1=" " ind2=" ">
    <subfield code="c">177077</subfield>
  </datafield>
  <datafield tag="952" ind1=" " ind2=" ">
    <subfield code="2">ddc</subfield>
    <subfield code="9">312860</subfield>
    <subfield code="a">CUCL</subfield>
    <subfield code="b">cl210</subfield>
    <subfield code="d">2025-12-27</subfield>
    <subfield code="i">92954</subfield>
    <subfield code="o">Cai01.02.13.Ph.D.2025.Yo.E</subfield>
    <subfield code="p">01010110092954000</subfield>
    <subfield code="r">2025-12-27 19:47:00</subfield>
    <subfield code="w">2025-12-27</subfield>
    <subfield code="y">TH</subfield>
  </datafield>
</record>
